| 000 | 01044nam a2200265 a 4500 | ||
|---|---|---|---|
| 001 | BRCA_1309 | ||
| 005 | 20190320203353.0 | ||
| 008 | 930611s1991 mx-a---##b---#000-0#spa-# | ||
| 040 |
_aDLC _cDLC |
||
| 041 | _aspa | ||
| 044 | _amx | ||
| 050 | 4 |
_aF1219.3.M4 _b.M37 1991 |
|
| 245 | 1 | 0 |
_aMáscaras tradicionales de México _ctexto Ruth Deutsch Lechuga ; fotografía Ruth Deutsch Lechuga y Enrique Franco Torrijos ; diseño Marianela de la Hoz ; coordinación Víctor Manuel Espíndola. |
| 260 |
_aMéxico _bBanco Nacional de Obras y Servicios Públicos _c[1991] |
||
| 300 |
_a157 p. _bil. (algunas a color) _c34 cm. |
||
| 500 | _aSe cuenta con un ejemplar en el Fondo Ruth Lechuga, No. de Sist. 1672 | ||
| 504 | _aBibliografía : p. 155-157 | ||
| 650 | 1 | 4 |
_aMáscaras indígenas _zMéxico _94283 |
| 650 | 1 | 4 |
_aMáscaras _zMéxico _94284 |
| 651 | 4 |
_aMéxico _xAntigüedades _92765 |
|
| 700 | 1 |
_aLechuga, Ruth Deutsch _d1920-2004 _94285 |
|
| 700 | 1 |
_aFranco Torrijos, Enrique _eil. _9625 |
|
| 700 | 1 |
_aHoz, Marianela de la _94286 |
|
| 942 |
_2lcc _cB |
||
| 999 |
_c1174 _d1174 |
||